[Event "World Blitz 2015"]
[Site "Berlin GER"]
[Date "2015.10.13"]
[Round "11.32"]
[White "Salem, A.R. Saleh"]
[Black "Munoz Pantoja, Miguel"]
[Result "0-1"]
[WhiteTitle "GM"]
[BlackTitle "GM"]
[WhiteElo "2624"]
[BlackElo "2441"]
[WhiteFideId "9301348"]
[BlackFideId "3800229"]
[EventDate "2015.10.13"]

1. d4 c5 2. d5 Nf6 3. c4 g6 4. Nc3 Bg7 5. e4 O-O 6. Nf3 d6 7. Be2 e5 8. O-O Ne8
9. Rb1 h6 10. g3 Kh7 11. Nh4 Bf6 12. Ng2 Bg7 13. Bd3 Bh3 14. Qc2 Nd7 15. Bd2 Kg8
16. f3 Rc8 17. Rf2 a6 18. Kh1 Bxg2+ 19. Kxg2 Nc7 20. a3 Qe7 21. Be3 a5 22. b4
axb4 23. axb4 Na6 24. bxc5 Ndxc5 25. Be2 f5 26. Rff1 f4 27. Bf2 h5 28. Rb6 Rc7
29. Ra1 Qf6 30. Nb5 Rd7 31. Ra5 Rc8 32. Qc3 Qe7 33. Qa3 Bf8 34. Nc3 Qg5 35. Rb1
Rf7 36. Rab5 fxg3 37. hxg3 Be7 38. Rh1 Rcf8 39. Qc1 Qf6 40. Qe3 Rh7 41. Rb6 Bd8
42. Rbb1 Qe7 43. Rh3 Qf6 44. Rbh1 Bb6 45. Qd2 Nb3 46. Qb2 Bxf2 47. Qxb3 Nc5 48.
Qc2 Bd4 49. Nb5 Qg5 50. Nxd4 exd4 51. Qc1 Qe5 52. Qd2 Rhf7 53. Rh4 d3 54. Bd1
Qd4 55. Re1 Qxc4 56. Qg5 Rg7 57. Qd2 Qd4 58. Re3 Ra8 59. Re1 Ra1 60. g4 Rb1 61.
Reh1 0-1

[Event "World Blitz 2015"]
[Site "Berlin GER"]
[Date "2015.10.13"]
[Round "11.34"]
[White "Melkumyan, Hrant"]
[Black "Belov, Vladimir"]
[Result "1-0"]
[WhiteTitle "GM"]
[BlackTitle "GM"]
[WhiteElo "2622"]
[BlackElo "2614"]
[WhiteFideId "13302485"]
[BlackFideId "4132394"]
[EventDate "2015.10.13"]

1. Nf3 d5 2. d4 Nf6 3. c4 c6 4. Nc3 e6 5. Bg5 dxc4 6. a4 a6 7. Bxf6 gxf6 8. e3
b5 9. axb5 cxb5 10. Nxb5 axb5 11. Rxa8 Bb7 12. Ra1 Rg8 13. Nd2 Nc6 14. Be2 Nb4
15. Bf3 Nd3+ 16. Kf1 Nxb2 17. Qb1 Bxf3 18. Nxf3 c3 19. Qe4 Qd5 20. Ra8+ Kd7 21.
Qxd5+ exd5 22. Ke2 b4 23. Rha1 b3 24. R1a7+ Kc6 25. Rc8+ Kb6 26. Raa8 Bd6 27.
Rxc3 Rxa8 28. Rxb3+ Kc6 29. Rxb2 Ra1 30. g3 Kd7 31. Nh4 Ke6 32. Rb6 Ra2+ 33. Kf3
h5 34. h3 Rc2 35. g4 hxg4+ 36. hxg4 Kd7 37. Nf5 Bh2 38. Kg2 Bc7 39. Rxf6 Ke8 40.
g5 Ra2 41. Nd6+ Bxd6 42. Rxd6 Ra5 43. Kf3 Ke7 44. Rc6 Ra1 45. Kf4 Rf1 46. f3 Re1
47. Rf6 Re2 48. Rf5 Ke6 49. Re5+ Kd6 1-0

[Event "World Blitz 2015"]
[Site "Berlin GER"]
[Date "2015.10.13"]
[Round "11.36"]
[White "Kovalenko, Igor"]
[Black "Borisek, Jure"]
[Result "1-0"]
[WhiteTitle "GM"]
[BlackTitle "GM"]
[WhiteElo "2700"]
[BlackElo "2565"]
[WhiteFideId "14117908"]
[BlackFideId "14603152"]
[EventDate "2015.10.13"]

1. d4 Nf6 2. Nf3 g6 3. c4 Bg7 4. g3 c6 5. Bg2 d5 6. Qb3 O-O 7. O-O Qb6 8. Nc3
Rd8 9. Na4 Qxb3 10. axb3 Na6 11. Bf4 Bf5 12. Nc3 h6 13. Rfc1 g5 14. Be5 Ne4 15.
Bxg7 Kxg7 16. Ra4 Nf6 17. e3 e6 18. Nd2 Nd7 19. Ra5 Nc7 20. b4 a6 21. b3 Bg6 22.
Ra2 Nf6 23. Na4 Rab8 24. Nc5 Nd7 25. Nf3 f6 26. Bh3 Kf7 27. cxd5 Nxc5 28. bxc5
exd5 29. b4 Re8 30. Nd2 Bd3 31. Rb2 h5 32. Nb3 Re7 33. Rd2 Bg6 34. Na5 Be4 35.
Bf1 Bg6 36. Be2 h4 37. g4 Be4 38. h3 Bg6 39. Bf3 f5 40. gxf5 Bxf5 41. Kh2 Ne6
42. Rg1 Kf6 43. Bg4 Rf8 44. Bxf5 Kxf5 45. Rg4 Kg6 46. Nb3 Ref7 47. Kg2 Ng7 48.
Nc1 Ne8 49. Nd3 Kh5 50. Ne5 Rf5 51. f3 Kh6 52. Kh2 Nf6 53. Rgg2 Nh5 54. Rde2 Ng3
55. Rxg3 hxg3+ 56. Kxg3 Kh5 57. Rh2 Rg8 58. Rh1 Rf6 59. Ng4 Rf7 60. h4 gxh4+ 61.
Rxh4+ Kg6 62. Rh6+ Kg7 63. Rd6 Rgf8 64. Ne5 Rc7 65. Kg4 Rf6 66. Kg5 Rxd6 67.
cxd6 Rc8 68. Kf5 b6 69. Ke6 a5 70. d7 Rf8 71. bxa5 bxa5 72. Nxc6 a4 73. Nb4 a3
74. Ke7 Rf7+ 75. Kd6 1-0

[Event "World Blitz 2015"]
[Site "Berlin GER"]
[Date "2015.10.13"]
[Round "11.38"]
[White "Riazantsev, Alexander"]
[Black "Bindrich, Falko"]
[Result "1/2-1/2"]
[WhiteTitle "GM"]
[BlackTitle "GM"]
[WhiteElo "2646"]
[BlackElo "2594"]
[WhiteFideId "4125029"]
[BlackFideId "4676670"]
[EventDate "2015.10.13"]

1. d4 Nf6 2. c4 e6 3. Nf3 d5 4. Nc3 Be7 5. Bg5 h6 6. Bxf6 Bxf6 7. e3 c6 8. Qd2
Nd7 9. h4 h5 10. e4 dxe4 11. Nxe4 Be7 12. Rd1 Nf6 13. Neg5 Ng4 14. Bd3 Bf6 15.
O-O g6 16. Qe2 O-O 17. Ne5 Bxg5 18. Nxg4 hxg4 19. hxg5 Qxg5 20. g3 Bd7 21. c5
Rad8 22. Qe5 Qxe5 23. dxe5 Bc8 24. Be4 Rxd1 25. Rxd1 Kg7 26. Rd4 f6 27. exf6+
Kxf6 28. Bc2 g5 29. Kf1 Rh8 30. Ke2 Rf8 31. Ra4 a6 32. Rd4 Re8 33. Rxg4 e5 34.
Rb4 Rd8 35. Be4 Bg4+ 36. f3 Bc8 37. g4 Rh8 38. Rb3 Rh2+ 39. Ke3 Ke7 40. a3 Ke8
41. Bf5 Bxf5 42. gxf5 g4 43. Rxb7 Rh3 44. Ke4 gxf3 45. Ke3 e4 46. f6 Rh2 47.
Re7+ Kf8 48. Rxe4 Rxb2 49. Kxf3 Kf7 50. Ra4 Kxf6 51. Rxa6 Ke5 52. Rxc6 Rb3+ 53.
Ke2 Kd5 54. Rc8 Rxa3 55. Kd2 Ra5 56. c6 Kd6 57. c7 Kd7 58. Rh8 Rd5+ 1/2-1/2

[Event "World Blitz 2015"]
[Site "Berlin GER"]
[Date "2015.10.13"]
[Round "11.39"]
[White "Swiercz, Dariusz"]
[Black "Ragger, Markus"]
[Result "1-0"]
[WhiteTitle "GM"]
[BlackTitle "GM"]
[WhiteElo "2620"]
[BlackElo "2698"]
[WhiteFideId "1126881"]
[BlackFideId "1610856"]
[EventDate "2015.10.13"]

1. e4 e5 2. Nf3 Nc6 3. Bb5 a6 4. Ba4 Nf6 5. d3 d6 6. O-O Be7 7. c3 O-O 8. Re1 b5
9. Bc2 d5 10. Nbd2 d4 11. h3 a5 12. a4 dxc3 13. bxc3 b4 14. Bb2 Nd7 15. d4 bxc3
16. Bxc3 Bb4 17. Bxb4 Nxb4 18. Nxe5 Nxe5 19. dxe5 Be6 20. Nf3 Qxd1 21. Bxd1 Rfd8
22. Re3 h6 23. Rc3 c6 24. Be2 g5 25. Ne1 Rd2 26. Kf1 Kg7 27. Nd3 Nc2 28. Rd1
Rxd1+ 29. Bxd1 Nd4 30. Nc5 Rb8 31. Nxe6+ Nxe6 32. Rxc6 Rb4 33. Rd6 Rxe4 34. Rd5
Nf4 35. Rxa5 Rc4 36. g3 Nd3 37. Be2 Rc1+ 38. Kg2 Ne1+ 39. Kh2 Rc2 40. Bh5 Rxf2+
41. Kg1 Nd3 42. Ra7 Nxe5 43. Kxf2 Kf6 44. a5 1-0

[Event "World Blitz 2015"]
[Site "Berlin GER"]
[Date "2015.10.13"]
[Round "11.40"]
[White "Akopian, Vladimir"]
[Black "Pavlidis, Antonios"]
[Result "1/2-1/2"]
[WhiteTitle "GM"]
[BlackTitle "GM"]
[WhiteElo "2648"]
[BlackElo "2522"]
[WhiteFideId "13300032"]
[BlackFideId "4212312"]
[EventDate "2015.10.13"]

1. e4 c5 2. Nf3 Nc6 3. Bb5 Nf6 4. Nc3 Qc7 5. d3 a6 6. Bxc6 dxc6 7. h3 e5 8. O-O
Be7 9. Nh2 h6 10. f4 Bd6 11. Nf3 Nd7 12. fxe5 Nxe5 13. Nh4 g6 14. Nf3 Be6 15.
Bf4 O-O-O 16. Nxe5 Bxe5 17. Qd2 c4 18. Bxe5 Qxe5 19. Rad1 cxd3 20. cxd3 Qd4+ 21.
Kh1 g5 22. Ne2 Qe5 23. b3 f5 24. exf5 Bxf5 25. d4 Qe6 26. Ng3 Be4 27. Nxe4 Qxe4
28. Rf7 Rhf8 29. Rxf8 Rxf8 30. Re1 Qd5 31. Re5 Qd6 32. Qe3 Rd8 33. Re6 Qxd4 34.
Qxd4 Rxd4 35. Rxh6 a5 36. Rg6 Rd5 37. Kh2 Kc7 38. Kg3 a4 39. bxa4 Ra5 40. Kg4
Rxa4+ 41. Kxg5 Rxa2 42. g4 b5 43. Rg7+ Kb6 44. Rg8 Kb7 45. Rg7+ Kb6 46. Rg8 Kb7
47. Rg7+ Kb6 48. Rg8 Kb7 1/2-1/2

[Event "World Blitz 2015"]
[Site "Berlin GER"]
[Date "2015.10.13"]
[Round "11.41"]
[White "Hirneise, Tobias"]
[Black "Bacrot, Etienne"]
[Result "0-1"]
[WhiteTitle "IM"]
[BlackTitle "GM"]
[WhiteElo "2457"]
[BlackElo "2697"]
[WhiteFideId "24600881"]
[BlackFideId "605506"]
[EventDate "2015.10.13"]

1. e4 g6 2. d4 d6 3. Nc3 a6 4. g3 Bg7 5. Bg2 Nd7 6. Nge2 Ngf6 7. O-O c5 8. h3
O-O 9. Be3 cxd4 10. Bxd4 Ne5 11. Nd5 e6 12. Nxf6+ Bxf6 13. b3 Bg7 14. Qd2 Qc7
15. Rad1 f6 16. f4 Nf7 17. c4 Bd7 18. Qe3 Rac8 19. Bb6 Qb8 20. Rd2 Bc6 21. Nd4
Rfe8 22. Rfd1 Bd7 23. Ne2 Bc6 24. Nd4 d5 25. Nxe6 dxe4 26. Nxg7 Kxg7 27. h4 Nh6
28. Bh3 Nf5 29. Bxf5 gxf5 30. Rd6 Rf8 31. Qc5 Rce8 32. Qxf5 e3 33. Re6 Qc8 34.
Rdd6 Rxe6 35. Qxe6 e2 36. Qxe2 Qh3 37. Qh2 Qg4 38. Qf2 Qh3 39. Qh2 Qf5 40. Qd2
Re8 41. Be3 Qh3 42. Rd4 Rxe3 0-1

[Event "World Blitz 2015"]
[Site "Berlin GER"]
[Date "2015.10.13"]
[Round "11.42"]
[White "Kravtsiv, Martyn"]
[Black "Bezold, Michael"]
[Result "1-0"]
[WhiteTitle "GM"]
[BlackTitle "GM"]
[WhiteElo "2621"]
[BlackElo "2509"]
[WhiteFideId "14113147"]
[BlackFideId "4601718"]
[EventDate "2015.10.13"]

1. e4 d6 2. d4 Nf6 3. Nc3 c6 4. f4 Qa5 5. Bd3 e5 6. Nf3 Nbd7 7. Be3 Be7 8. Qd2
O-O 9. h3 Qc7 10. O-O b5 11. Ne2 Re8 12. Ng3 Bf8 13. a4 exd4 14. Nxd4 bxa4 15.
Nf3 Rb8 16. Rxa4 Rxb2 17. Rxa7 Rb7 18. Ra8 c5 19. Qc3 Rb8 20. Rxb8 Qxb8 21. Bc4
Nb6 22. Rb1 Qa7 23. Bb3 h6 24. Nd2 Qc7 25. Bf2 Bb7 26. Qa5 Ra8 27. Bxf7+ Kxf7
28. Qxb6 Qxb6 29. Rxb6 Bc8 30. Nc4 Ra1+ 31. Kh2 Rd1 32. e5 dxe5 33. Nxe5+ Kg8
34. Rb8 Rd8 35. Nf5 Re8 36. Ne3 Be6 37. Rb6 h5 38. Bh4 Ba2 39. Bxf6 gxf6 40.
Rxf6 Bg7 41. Rf5 Bb1 42. Rxh5 Rd8 43. Rg5 Kf8 44. Rf5+ Kg8 45. Nc6 Re8 46. Nd5
Bxc2 47. Nce7+ Kh8 48. Rh5+ Bh7 49. Ng6+ Kg8 50. Nde7+ Kf7 51. Rxh7 c4 52. Rh5
Bf6 53. Rc5 c3 54. Nd5 Bd4 55. Rc4 Re4 56. Nxc3 Bg1+ 57. Kxg1 Rxc4 58. Ne5+ 1-0

[Event "World Blitz 2015"]
[Site "Berlin GER"]
[Date "2015.10.13"]
[Round "11.43"]
[White "Hausrath, Daniel"]
[Black "Zhang, Zhong"]
[Result "0-1"]
[WhiteTitle "GM"]
[BlackTitle "GM"]
[WhiteElo "2503"]
[BlackElo "2619"]
[WhiteFideId "4617495"]
[BlackFideId "8600694"]
[EventDate "2015.10.13"]

1. Nf3 d5 2. g3 c6 3. Bg2 Bf5 4. O-O e6 5. d3 h6 6. c4 Nf6 7. Be3 dxc4 8. dxc4
Qxd1 9. Rxd1 Nbd7 10. Nc3 Be7 11. h3 Bh7 12. Nd4 O-O-O 13. Rac1 Ne5 14. Na4 c5
15. Nb5 Rxd1+ 16. Rxd1 Bc2 17. Nac3 Bxd1 18. Nxd1 Nxc4 19. Bf4 e5 20. Bc1 Rd8
21. Nbc3 a6 22. b3 Nd6 23. Ne3 Nb5 24. Ncd5 Nxd5 25. Nxd5 Bg5 26. e3 Nc7 27.
Nb6+ Kb8 28. Ba3 Be7 29. Bb2 f6 30. a4 Rd2 31. Bc3 Rd3 32. Ba5 Rxb3 33. Be4 Rb2
34. Bf5 Ka7 35. Nc8+ Kb8 36. Nb6 Ra2 37. Nd7+ Kc8 38. Nxc5+ Kb8 39. Nd7+ Kc8 40.
Nxe5+ Kd8 41. Nc4 Rxa4 42. Bd3 b5 43. Bxc7+ Kxc7 44. Nd2 Bd6 45. Kg2 Ra2 46. Ne4
Ra3 47. Be2 b4 48. Nd2 a5 49. Nc4 Ra2 50. Bd1 a4 51. Bf3 b3 52. Bd5 Ra1 53. Nb2
a3 54. Nd3 b2 0-1

[Event "World Blitz 2015"]
[Site "Berlin GER"]
[Date "2015.10.13"]
[Round "11.44"]
[White "Grandelius, Nils"]
[Black "Navara, David"]
[Result "0-1"]
[WhiteTitle "GM"]
[BlackTitle "GM"]
[WhiteElo "2647"]
[BlackElo "2734"]
[WhiteFideId "1710400"]
[BlackFideId "309095"]
[EventDate "2015.10.13"]

1. Nf3 d5 2. e3 Nf6 3. c4 e6 4. b3 c5 5. Bb2 Nc6 6. cxd5 exd5 7. Bb5 Bd6 8. O-O
O-O 9. Nc3 Bg4 10. Be2 a6 11. d4 Rc8 12. dxc5 Bxc5 13. Rc1 Ba7 14. Nd4 Ne5 15.
Bxg4 Nexg4 16. h3 Ne5 17. Nce2 Rxc1 18. Nxc1 Ne4 19. Nf3 Nxf3+ 20. Qxf3 Nd2 21.
Qg4 d4 22. Rd1 f5 23. Qe2 dxe3 24. fxe3 Qg5 25. Bd4 Bxd4 26. exd4 Ne4 27. Nd3
Kh8 28. Ne5 h6 29. Nf3 Qf4 30. Ne5 Kh7 31. Rf1 Ng3 32. Qf2 Qxd4 33. Qxd4 Ne2+
34. Kf2 Nxd4 35. Rd1 Re8 36. Rxd4 Rxe5 37. Rd7 Rb5 38. Ke3 Rb4 39. Kd3 b6 40.
Rd6 a5 41. Kc3 h5 42. a3 Rb5 43. b4 axb4+ 44. axb4 f4 45. Rd2 Rg5 46. Rf2 Rg3+
47. Kc4 g5 48. Kb5 Rb3 49. Rc2 Kg6 50. Kc4 Re3 51. Kb5 Re6 52. Kc4 Rc6+ 53. Kd3
Rxc2 0-1

[Event "World Blitz 2015"]
[Site "Berlin GER"]
[Date "2015.10.13"]
[Round "11.45"]
[White "Kryvoruchko, Yuriy"]
[Black "Savchenko, Boris"]
[Result "0-1"]
[WhiteTitle "GM"]
[BlackTitle "GM"]
[WhiteElo "2710"]
[BlackElo "2567"]
[WhiteFideId "14109182"]
[BlackFideId "4147332"]
[EventDate "2015.10.13"]

1. Nf3 d5 2. b3 Bf5 3. Bb2 e6 4. e3 Nf6 5. c4 Be7 6. Be2 O-O 7. O-O h6 8. Nc3 c6
9. d3 Re8 10. Qc2 Bh7 11. a3 a5 12. Rac1 Na6 13. Ne5 Bd6 14. f4 Bxe5 15. fxe5
Nd7 16. Nd1 b5 17. Qc3 bxc4 18. bxc4 Nac5 19. Ba1 Rb8 20. cxd5 cxd5 21. Nf2 Qg5
22. d4 Nb3 23. Rcd1 Rec8 24. Nh3 Rxc3 25. Nxg5 Nxa1 26. Nxh7 Nc2 27. Rd3 Rbb3
28. Rxc3 Rxc3 29. Rc1 Nxd4 0-1

[Event "World Blitz 2015"]
[Site "Berlin GER"]
[Date "2015.10.13"]
[Round "11.47"]
[White "Guseinov, Gadir"]
[Black "Inarkiev, Ernesto"]
[Result "0-1"]
[WhiteTitle "GM"]
[BlackTitle "GM"]
[WhiteElo "2634"]
[BlackElo "2660"]
[WhiteFideId "13401378"]
[BlackFideId "4162722"]
[EventDate "2015.10.13"]

1. e4 e5 2. Nf3 Nc6 3. Bb5 a6 4. Bxc6 dxc6 5. O-O Qf6 6. d4 exd4 7. Bg5 Qd6 8.
Nxd4 Bd7 9. Nc3 Qg6 10. Bh4 Be7 11. Bg3 O-O-O 12. Qf3 Nf6 13. Nf5 Bxf5 14. exf5
Qg4 15. Qe3 Rhe8 16. Qa7 Nd7 17. b3 Qxf5 18. Na4 Bc5 19. Qa8+ Nb8 20. b4 Bd6 21.
Nc5 Bxc5 22. bxc5 Qxc5 23. Rab1 b5 24. a4 Qb6 25. axb5 cxb5 26. c4 b4 27. Qf3
Rd7 28. c5 Qc6 29. Qg4 a5 30. Ra1 Qb5 31. Rfc1 Nc6 32. Qxg7 Kb7 33. h3 b3 34.
Qc3 a4 35. Rcb1 Re4 36. Qf3 Rde7 37. Kh2 Nd4 38. Qf6 Nc2 39. c6+ Qxc6 40. Qf5
Nxa1 41. Rxa1 b2 42. Rb1 a3 43. Qa5 Ra4 44. Qg5 Rd7 45. Qg7 Rd2 46. Qe5 Rc2 47.
Rd1 a2 48. Rd8 b1=Q 49. Qh8 Ka7 50. Be5 0-1

[Event "World Blitz 2015"]
[Site "Berlin GER"]
[Date "2015.10.13"]
[Round "11.48"]
[White "Nikolic, Predrag"]
[Black "Rublevsky, Sergei"]
[Result "0-1"]
[WhiteTitle "GM"]
[BlackTitle "GM"]
[WhiteElo "2603"]
[BlackElo "2702"]
[WhiteFideId "14400014"]
[BlackFideId "4115309"]
[EventDate "2015.10.13"]

1. d4 d5 2. c4 c6 3. Nc3 Nf6 4. e3 a6 5. Bd2 g6 6. Nf3 Bg7 7. cxd5 cxd5 8. Be2
O-O 9. O-O Bg4 10. Ne5 Bxe2 11. Qxe2 e6 12. Rfc1 Nfd7 13. Nd3 Nc6 14. Na4 Qe7
15. Rc2 e5 16. dxe5 Ndxe5 17. Nac5 Nc4 18. Rd1 Nd4 0-1

[Event "World Blitz 2015"]
[Site "Berlin GER"]
[Date "2015.10.13"]
[Round "11.49"]
[White "Bologan, Viktor"]
[Black "Bauer, Christian"]
[Result "1-0"]
[WhiteTitle "GM"]
[BlackTitle "GM"]
[WhiteElo "2607"]
[BlackElo "2623"]
[WhiteFideId "13900048"]
[BlackFideId "603767"]
[EventDate "2015.10.13"]

1. e4 e6 2. d4 d5 3. Nc3 Nc6 4. Nf3 Nf6 5. e5 Ne4 6. Bd3 Bb4 7. Bd2 Nxd2 8. Qxd2
f6 9. Bb5 O-O 10. Bxc6 bxc6 11. a3 Be7 12. Na4 Qe8 13. O-O f5 14. Nc5 f4 15. h3
a5 16. Rfc1 Qg6 17. c4 Bxc5 18. dxc5 a4 19. Rc3 Ba6 20. cxd5 cxd5 21. Nd4 Bc4
22. Rf3 Qh6 23. Rc1 Rab8 24. Rc2 g5 25. Qa5 Qg6 26. Qxc7 Rb3 27. Rxb3 axb3 28.
Rd2 g4 29. Qe7 Qb1+ 30. Kh2 g3+ 31. fxg3 fxg3+ 32. Kxg3 Qe1+ 33. Kh2 Qxd2 34.
Nxe6 Qh6 35. c6 d4 36. Nxf8 Qxf8 37. Qg5+ Kh8 38. c7 Be6 39. Qd8 Kg8 40. Qxd4
Kf7 41. a4 Qc8 42. Qd8 Kg6 43. a5 Kf5 44. Qf6+ Ke4 45. h4 h5 46. Kg3 Qg8+ 47.
Kf2 Kd5 48. Qd8+ 1-0

[Event "World Blitz 2015"]
[Site "Berlin GER"]
[Date "2015.10.13"]
[Round "11.50"]
[White "Jumabayev, Rinat"]
[Black "Seirawan, Yasser"]
[Result "1-0"]
[WhiteTitle "GM"]
[BlackTitle "GM"]
[WhiteElo "2606"]
[BlackElo "2620"]
[WhiteFideId "13702661"]
[BlackFideId "2000032"]
[EventDate "2015.10.13"]

1. d4 Nf6 2. Nf3 e6 3. c4 d5 4. g3 Bb4+ 5. Bd2 Be7 6. Bg2 O-O 7. O-O Nbd7 8. Qc2
c6 9. Rd1 b6 10. Bf4 Bb7 11. Nc3 Rc8 12. Ne5 Nxe5 13. dxe5 Nd7 14. cxd5 cxd5 15.
e4 dxe4 16. Bxe4 Bxe4 17. Qxe4 Qc7 18. Nb5 Nc5 19. Qf3 Qb8 20. b4 a6 21. Nd4 Na4
22. Rac1 b5 23. a3 Nb2 24. Rxc8 Rxc8 25. Rc1 Nc4 26. Kg2 Qa8 27. Qxa8 Rxa8 28.
Nc6 Kf8 29. Rc3 Rc8 30. Nd4 Rd8 31. Nc6 Rc8 32. Nd4 Ke8 33. h4 h6 34. h5 Rd8 35.
Nc6 Rd5 36. Nb8 Nxe5 37. Bxe5 Rxe5 38. Rc8+ Bd8 39. Rxd8+ Kxd8 40. Nc6+ Kc7 41.
Nxe5 Kd6 42. Nxf7+ Kd5 43. Kf3 Kc4 44. Nd8 Kb3 45. Nxe6 Kxa3 46. Nc5 Kxb4 47.
Nxa6+ Ka5 48. Nc5 Kb4 49. Ne6 Kc3 50. Ke3 b4 51. Nc5 Kc4 52. Nd3 b3 53. Kd2 Kd4
54. f3 Kc4 55. Nb2+ Kd4 56. Nd1 Kc4 57. Ne3+ Kd4 58. Nf5+ 1-0

[Event "World Blitz 2015"]
[Site "Berlin GER"]
[Date "2015.10.13"]
[Round "11.51"]
[White "Anton Guijarro, David"]
[Black "Motylev, Alexander"]
[Result "0-1"]
[WhiteTitle "GM"]
[BlackTitle "GM"]
[WhiteElo "2634"]
[BlackElo "2649"]
[WhiteFideId "2285525"]
[BlackFideId "4121830"]
[EventDate "2015.10.13"]

1. Nf3 d5 2. b3 Nf6 3. Bb2 g6 4. c4 c6 5. e3 Bg7 6. Be2 O-O 7. O-O a5 8. Nc3 Bg4
9. h3 Bxf3 10. Bxf3 e6 11. d4 Nbd7 12. Rc1 Qb8 13. Qc2 Rd8 14. Rfd1 Ne8 15. Ne2
Nd6 16. Nf4 Nf5 17. Nd3 a4 18. Bg4 Nd6 19. Be2 Ne4 20. b4 Nb6 21. Ne5 a3 22. Ba1
Nd7 23. Nf3 Bh6 24. Rb1 Ndf6 25. Bd3 b5 26. Ne5 Rc8 27. c5 Qc7 28. Re1 Bg7 29.
f3 Ng3 30. Qf2 Nfh5 31. e4 Re8 32. Bc3 Rad8 33. exd5 Rxd5 34. Bc2 Rdd8 35. Rbd1
Nf5 36. Re4 Ne7 37. Bb3 Nf6 38. Ree1 Nfd5 39. Bd2 Nf5 40. g4 Nfe7 41. h4 Nf6 42.
Bg5 Ned5 43. Qd2 Ra8 44. Bxf6 Bxf6 45. g5 Bg7 46. Bxd5 exd5 47. f4 Re6 48. Kg2
f6 49. Ng4 Rae8 50. gxf6 Bf8 51. Rxe6 Rxe6 52. Qf2 h5 53. Ne5 Rxf6 54. Rg1 Kh7
55. Kh2 Bh6 56. Kh1 Rxf4 57. Qc2 Rxh4+ 58. Kg2 Re4 59. Qf2 Qe7 60. Qf7+ Qxf7 61.
Nxf7 Re2+ 62. Kf3 Rxa2 63. Ne5 Rb2 64. Nxc6 a2 65. Ra1 Bd2 66. Ne7 Bc3 67. c6
Rc2 68. Rxa2 Rxa2 69. c7 Ra8 70. Nxd5 Rc8 71. Nxc3 Rxc7 72. Nxb5 Rb7 73. Nd6
Rxb4 74. Ke4 h4 75. Nf7 Kg7 76. Ng5 Kh6 77. Nf3 Kh5 78. Kf4 Rb8 79. d5 Rf8+ 80.
Ke4 g5 81. d6 g4 82. Ne5 h3 83. d7 h2 0-1

[Event "World Blitz 2015"]
[Site "Berlin GER"]
[Date "2015.10.13"]
[Round "11.52"]
[White "Romanov, Evgeny"]
[Black "Milanovic, Danilo"]
[Result "0-1"]
[WhiteTitle "GM"]
[BlackTitle "GM"]
[WhiteElo "2573"]
[BlackElo "2469"]
[WhiteFideId "4148843"]
[BlackFideId "915483"]
[EventDate "2015.10.13"]

1. d4 Nf6 2. Nf3 c5 3. d5 g6 4. Nc3 Bg7 5. e4 d6 6. Bb5+ Nbd7 7. a4 O-O 8. O-O
a6 9. Bc4 Ne8 10. Bg5 Nc7 11. Re1 b5 12. axb5 Nb6 13. Nd2 Nxc4 14. Nxc4 Bxc3 15.
bxc3 Nxb5 16. e5 f6 17. exf6 exf6 18. Bh6 Rf7 19. Re3 Bb7 20. Na5 Re7 21. Qe1
Rxe3 22. Qxe3 Bxd5 23. c4 Bf7 24. Nc6 Qd7 25. cxb5 Re8 26. Qc3 axb5 27. Qxf6 Bd5
28. Na5 b4 29. h3 Qe7 30. Qf4 Qe5 31. Qd2 Qxa1+ 32. Kh2 Qe5+ 33. Bf4 Qe4 34. f3
Qe6 35. c4 bxc3 36. Qxc3 h5 37. h4 Kh7 38. Qb2 Re7 39. Bg3 Rf7 40. Qb8 Rd7 41.
Qf8 c4 42. Bf4 c3 43. Qc8 Rf7 0-1

[Event "World Blitz 2015"]
[Site "Berlin GER"]
[Date "2015.10.13"]
[Round "11.53"]
[White "Grigoriants, Sergey"]
[Black "Lenic, Luka"]
[Result "1/2-1/2"]
[WhiteTitle "GM"]
[BlackTitle "GM"]
[WhiteElo "2603"]
[BlackElo "2639"]
[WhiteFideId "4130804"]
[BlackFideId "14603853"]
[EventDate "2015.10.13"]

1. c4 e6 2. Nc3 d5 3. d4 c6 4. e3 Nf6 5. Nf3 Nbd7 6. Qc2 Bd6 7. Bd3 O-O 8. O-O
dxc4 9. Bxc4 e5 10. a3 Qe7 11. h3 exd4 12. exd4 Nb6 13. Re1 Qd8 14. Ba2 Nbd5 15.
Bg5 Be7 16. Rad1 Be6 17. Na4 h6 18. Bh4 Nc7 19. Bb1 g6 20. Nc5 Bf5 21. Qb3 Bxb1
22. Rxb1 b6 23. Rxe7 Qxe7 24. Re1 Qd6 25. Bxf6 Qxf6 26. Nd7 Qd6 27. Nxf8 Rxf8
28. Qe3 Kg7 29. Qe7 Rd8 30. Qxd6 Rxd6 31. Re7 Ne6 32. Ne5 Nd8 33. Rxa7 Rxd4 34.
Rd7 Rxd7 35. Nxd7 b5 36. Kf1 f6 37. Ke2 Kf7 38. Ke3 Ke6 39. Nc5+ Kd5 40. Nd3 g5
41. b3 c5 42. Nb2 Nb7 43. Nd1 b4 44. axb4 cxb4 45. Kd3 Nc5+ 46. Kc2 Kd4 47. Ne3
Ne4 48. Nf5+ Ke5 49. Nxh6 Nxf2 50. Kd2 Ne4+ 51. Kd3 Kd5 52. Ng4 Nc5+ 53. Kc2 f5
54. Ne3+ Ke4 55. Nc4 Ne6 56. Nd6+ Kf4 57. Kd3 Ke5 58. Nf7+ Kd5 59. g3 Nc5+ 60.
Kc2 Ne4 61. h4 g4 62. h5 Ke6 63. Nd8+ Kf6 64. h6 Nxg3 65. Ne6 Kg6 66. Kd3 Nh5
67. Kc4 g3 68. Nd4 f4 69. Nf3 Kxh6 70. Kxb4 Ng7 71. Kc5 Ne6+ 72. Kd5 Ng5 73. Nh4
f3 74. Nf5+ Kh5 75. Nxg3+ Kg4 76. Nf1 Kh3 77. b4 Kg2 78. Nd2 f2 79. b5 Nf3 80.
Nc4 Kg3 81. Ne3 Nd2 82. b6 Kf3 83. Kd4 Nb3+ 84. Kd3 Nc5+ 85. Kd2 Ne4+ 86. Kd3
Nc5+ 87. Kd2 Ne4+ 1/2-1/2

[Event "World Blitz 2015"]
[Site "Berlin GER"]
[Date "2015.10.13"]
[Round "11.54"]
[White "Bok, Benjamin"]
[Black "Riff, Jean-Noel"]
[Result "1/2-1/2"]
[WhiteTitle "GM"]
[BlackTitle "GM"]
[WhiteElo "2591"]
[BlackElo "2499"]
[WhiteFideId "1017063"]
[BlackFideId "611190"]
[EventDate "2015.10.13"]

1. e4 c5 2. Nf3 d6 3. d4 cxd4 4. Nxd4 Nf6 5. Nc3 e6 6. Be3 Be7 7. f3 O-O 8. Qd2
Nc6 9. O-O-O Nxd4 10. Bxd4 a6 11. g4 b5 12. h4 Bb7 13. a3 Rc8 14. Kb1 Nd7 15. g5
Ne5 16. Be2 Qc7 17. h5 Nc6 18. Be3 b4 19. axb4 Nxb4 20. h6 Qa5 21. hxg7 Rfd8 22.
Bd3 Rxc3 23. Qxc3 Qa2+ 24. Kc1 Qa4 25. Kd2 Rc8 26. Qb3 Qxb3 27. cxb3 d5 28. exd5
Nxd3 29. Kxd3 Bxd5 30. Ke2 Rb8 31. Rd3 Kxg7 32. Bd4+ Kg8 33. Bf6 Bd6 34. Rc1 Bf4
35. Rcc3 h6 36. gxh6 Bxh6 37. Rd4 Kh7 38. Rg4 Bxb3 39. Rc7 e5 40. Bxe5 Re8 41.
Re4 Bd5 42. Kd3 Bxe4+ 43. Kxe4 Kg6 44. Rc6+ Kh7 45. Kf5 a5 46. Rc7 Kg8 47. Rc4
Re6 48. Rc8+ Bf8 49. f4 Rb6 50. Bc3 Rb5+ 51. Ke4 f5+ 52. Kd3 Kf7 53. Kc4 Rb7 54.
Ra8 Bb4 55. Ra6 Rc7+ 56. Kd3 Rd7+ 57. Kc4 Rc7+ 58. Kd4 Rb7 59. Kc4 Rc7+ 60. Kd4
Rb7 61. Kd5 Rb5+ 62. Kc6 Rc5+ 63. Kb6 Rc4 64. Kb5 Rxf4 65. Bxb4 Rxb4+ 66. Kc5
Rxb2 67. Rxa5 Rd2 68. Ra6 f4 69. Ra4 Rf2 70. Kd4 Kf6 71. Ke4 Kg5 72. Ra8 Re2+
73. Kf3 Re3+ 74. Kf2 Re6 75. Kf3 Re3+ 76. Kf2 Re6 77. Kf3 Re3+ 1/2-1/2